000 00524nam a2200217Ia 4500
003 OSt
005 20220928141106.0
006 a|||||r|||| 00| 0
007 ta
008 220927b |||||||| |||| 00| 0 eng d
024 _a13655
037 _cTextual
040 _aSDCL
_cSDCL
_beng
041 _2eng
_aeng
082 _aO-,6M79,3, L2
100 _aForster E M
245 0 _aTwo cheers for democracy.
260 _c1972
942 _hO-,6M79,3, L2
_cTEXL
_2CC
999 _c816064
_d816064